Ensayos literarios para el siglo XXI. Segundo tomo /

Detalles Bibliográficos
Autor principal: Pérez Agusti, Carlos (Autor)
Formato: Electrónico eBook
Lenguaje:español
Publicado: Cuenca, Ecuador : Universidad del Azuay, Casa Editora, [2024]
Materias:
Acceso en línea:Digitalia Hispánica

MARC

LEADER 00000nam a2200000 i 4500
001 DIGUAZUAY0248
003 NyNyDIG
007 cr |||||||||||
008 260114s2024 ec o 000 e spa d
006 m o d
035 |a (OCoLC)1569883777 
040 |a DGITA  |b eng  |e rda  |e pn  |c DGITA 
020 |a 9789942645685  |q eBook 
020 |z 9789942645678 
050 1 4 |a PQ8220.426.E57 ebook 
100 1 |a Pérez Agusti, Carlos,  |e author. 
245 1 0 |a Ensayos literarios para el siglo XXI.  |n Segundo tomo /  |c Carlos Pérez Agusti. 
246 3 |a Ensayos literarios para el siglo 21 
264 1 |a Cuenca, Ecuador :  |b Universidad del Azuay, Casa Editora,  |c [2024] 
300 |a 1 online resource. 
336 |a text  |b txt  |2 rdacontent 
337 |a computer  |b c  |2 rdamedia 
338 |a online resource  |b cr  |2 rdacarrier 
347 |a text file  |2 rdaft 
347 |b PDF 
588 0 |a Online resource; title from PDF title page (Digitalia, viewed January 14, 2026) 
655 7 |a Essays.  |2 lcgft 
791 2 |a Digitalia (Firm),  |e distributor. 
793 0 |g Digitalia eBook Collection:  |a Universidad del Azuay 
776 0 8 |i Print version:  |a Pérez Agusti, Carlos.  |t Ensayos literarios para el siglo XXI. Segundo tomo.  |d Cuenca, Ecuador : Universidad del Azuay, Casa Editora, [2024]  |z 9789942645678 
856 4 0 |3 Digitalia Hispánica  |u https://www.digitaliapublishing.com/a/170476/ 
910 |a Premium collection: 2026